000 00470nam a22001817a 4500
003 MPLRDC
005 20220104144508.0
008 210129b ||||| |||| 00| 0 eng d
020 _a7-02-007812-7
082 _a874.57 BROW-5
100 _aDAN BROWN
245 _a失落的秘符
_c朱振武 等译
250 _a一版一刷
260 _a中国
_b人民文学出版社
_c2010
300 _b440
650 _a美国现代长篇小说
942 _cBK
_o874.57 BROW-5
999 _c50167
_d50157